| 000 | 00624nam a22002057a 4500 | ||
|---|---|---|---|
| 005 | 20180626111420.0 | ||
| 010 | _aENG-123278 | ||
| 020 |
_a9789352535255 _c425.00 |
||
| 035 | _aEN-106810 | ||
| 037 | _bDBAD/PUB | ||
| 082 | _a590 | ||
| 100 | _aAgarwal, V K | ||
| 245 |
_aZoology for degree students: _cby V K Agarwal _bBSc (Hons) Semester V / |
||
| 260 |
_aNew Delhi _bS Chand Publishing _c2018 |
||
| 270 |
_aRam Nagar. _bNew Delhi _e110055 |
||
| 300 |
_a682p. _c24cm(pbk) _bill. |
||
| 500 | _aAs per UGC Choice Based Credit System (CBCS) | ||
| 500 | _ait includes index | ||
| 942 |
_2ddc _cEN _mAGA _h590 |
||
| 999 |
_c152892 _d152892 |
||